Возмездие теленгера: роман

Dettagli Bibliografici
Autore principale: Белозеров М. Михаил
Riassunto:После Третьей Мировой войны прошло двенадцать лет. Россия лежит в руинах. Враги уничтожили её комбинированным способом: биологическим и ядерным оружием. Центр погиб. Жизнь едва теплится по окраинам. Казалось бы, страну не возродить, а враги могут торжествовать. Однако в глухой деревушке Теленгеш живет парень по имени Костя, в память которого заложена программа активизации смертоносной системы «мёртвая рука-два». В один прекрасный день Костя начинает действовать. Теперь вся его жизнь сводится к реализации цели: найти и запустить систему «мёртвая рука-два».
Lingua:russo
Pubblicazione: Санкт-Петербург, Крылов, 2012
Serie:Атомный город
Soggetti:
Natura: MixedMaterials Libro
KOHA link:https://koha.lib.tpu.ru/cgi-bin/koha/opac-detail.pl?biblionumber=269623

MARC

LEADER 00000nam0a2200000 4500
001 269623
005 20231101234254.0
010 |a 9785422602155 
035 |a (RuTPU)RU\TPU\book\292800 
090 |a 269623 
100 |a 20140919d2012 m y0rusy50 ca 
101 0 |a rus 
102 |a RU 
105 |a y z 000ay 
200 1 |a Возмездие теленгера  |e роман  |f М. Белозеров 
210 |a Санкт-Петербург  |c Крылов  |c Ленинград  |d 2012 
215 |a 444 с. 
225 1 |a Атомный город 
330 |a После Третьей Мировой войны прошло двенадцать лет. Россия лежит в руинах. Враги уничтожили её комбинированным способом: биологическим и ядерным оружием. Центр погиб. Жизнь едва теплится по окраинам. Казалось бы, страну не возродить, а враги могут торжествовать. Однако в глухой деревушке Теленгеш живет парень по имени Костя, в память которого заложена программа активизации смертоносной системы «мёртвая рука-два». В один прекрасный день Костя начинает действовать. Теперь вся его жизнь сводится к реализации цели: найти и запустить систему «мёртвая рука-два». 
606 1 |a Русская литература современная  |2 stltpush  |3 (RuTPU)RU\TPU\subj\26373  |9 50316 
610 1 |a романы 
610 1 |a фантастика 
675 |a Р2  |v 3 
700 1 |a Белозеров  |b М.  |g Михаил 
801 1 |a RU  |b 63413507  |c 20140919 
801 2 |a RU  |b 63413507  |c 20140925  |g RCR 
942 |c BK